Tropologikus működésmód Kosztolányi Dezső Nero, a véres költő című regényében
Kosztolányi első regénye, a könyv alakban 1922-ben megjelent Nero, a véres költő tematikájából adódóan elkülönül a szerző többi regényétől. Egyik legkorábbi méltatója, a német kiadáshoz előszót író Thomas Mann (2003, 612–613. o.) császár- és művészregényként határozta meg a regény műfaját, rámutatva...
Elmentve itt :
| Szerző: | |
|---|---|
| Dokumentumtípus: | Cikk |
| Megjelent: |
2011
|
| Sorozat: | Iskolakultúra
21 No. 4-5 |
| Online Access: | http://misc.bibl.u-szeged.hu/42255 |
| LEADER | 01109nab a2200181 i 4500 | ||
|---|---|---|---|
| 001 | misc42255 | ||
| 005 | 20191106140556.0 | ||
| 008 | 180706s2011 hu o 0|| zxx d | ||
| 022 | |a 1215-5233 | ||
| 040 | |a SZTE Miscellanea Repozitórium |b hun | ||
| 041 | |a zxx | ||
| 100 | 1 | |a Érfalvy Lívia | |
| 245 | 1 | 0 | |a Tropologikus működésmód Kosztolányi Dezső Nero, a véres költő című regényében |h [elektronikus dokumentum] / |c Érfalvy Lívia |
| 260 | |c 2011 | ||
| 300 | |a 75-89 | ||
| 490 | 0 | |a Iskolakultúra |v 21 No. 4-5 | |
| 520 | 3 | |a Kosztolányi első regénye, a könyv alakban 1922-ben megjelent Nero, a véres költő tematikájából adódóan elkülönül a szerző többi regényétől. Egyik legkorábbi méltatója, a német kiadáshoz előszót író Thomas Mann (2003, 612–613. o.) császár- és művészregényként határozta meg a regény műfaját, rámutatva a mű két lényegi vonására, a történelmi kontextusra és a művészi identitás problematikájának központi szerepére. | |
| 856 | 4 | 0 | |u http://misc.bibl.u-szeged.hu/42255/1/EPA00011_iskolakultura_2011_04-05_075-089.pdf |z Dokumentum-elérés |